Geography Quiz

Random Geography or City Quiz

5 Letters or Fewer Cities Quiz Stats

 Plays Quiz Updated Nov 13, 2018

Score 0/22 Timer 05:00
1 Play Today
Rank City % Correct
45Wuhan
78.4%
2Tokyo
77.7%
19Cairo
64.4%
113Tampa
60.7%
17Lagos
50.6%
6Seoul
46.2%
5Delhi
43.5%
61Xi'an
40.1%
72Surat
37.1%
16Dhaka
36.8%
28Paris
30.7%
Rank City % Correct
33Lima
27%
14Osaka
26.2%
118Dubai
26.1%
107Kano
24.2%
115Jinan
24%
102Busan
13.9%
66Miami
11.7%
78Milan
10.3%
67Poona
9.9%
94Accra
7%
95Hefei
5.1%

You're not logged in!

Compare scores with friends on all Sporcle quizzes.
OR
Log In

Show Comments

Extras

Top Quizzes Today


Score Distribution

Your Account Isn't Verified!

In order to create a playlist on Sporcle, you need to verify the email address you used during registration. Go to your Sporcle Settings to finish the process.

Report this User

Report this user for behavior that violates our Community Guidelines.

Details: